000 00607nam a2200253Ia 4500
005 20260121154807.0
008 008 260114s9999 xx 000 0 eng d
020 _a9781351129282
037 _aEBOOK
040 _aCRL
040 _beng
040 _cCRL
041 _2eng
041 _aeng
084 _qCRL
100 _a Karl Maton; J. R. Martin; Y. J. Doran
_91011580
245 0 _aTeaching Science
260 _bTaylor and Francis
260 _c2021
856 _uhttp://www.taylorfrancis.com/books/9781351129282
942 _cEBOOK
999 _c1578401
_d1578401